| 000 | 00884nam0a22002411 4500 | ||
|---|---|---|---|
| 001 | rc\531843 | ||
| 005 | 20250621122111.0 | ||
| 035 | _a(NLR Aleph) 005769849 | ||
| 090 |
_a5021770 _c5021770 |
||
| 100 | _a20030616d1987 |||y0rusy50 ca | ||
| 101 | 0 | _arus | |
| 102 | _aRU | ||
| 105 | _aa ||||||||| | ||
| 200 | 1 |
_aДвижения гребной механической системы в различных фазах гребного цикла _eУчеб. пособие _fМоск. обл. гос. ин-т физ. культуры |
|
| 210 |
_aпос. Малаховка (Моск. обл.) _cМОГИФК _d1987 |
||
| 215 |
_a42, [1] с. _cил. _d20 |
||
| 320 | _aБиблиогр.: с. 42 (7 назв.) | ||
| 700 | 1 |
_aСасс _bА.Ф. _gАнатолий Фомич |
|
| 801 | 0 |
_aRU _bNLR _gpsbo |
|
| 801 | 1 |
_aRU _bELAR _2rusmarc |
|
| 852 |
_aNLR _j88-4/17760 |
||
| 942 | _cBOOK | ||
| 980 | _aNB | ||